|
|
|
|
| LEADER |
00000nab#a22000007a#4500 |
| 001 |
arbauad037522 |
| 003 |
AR-BaUAD |
| 005 |
20250711112941.0 |
| 008 |
990623|||||||||###||||||b###|0###a|spa|| |
| 040 |
|
|
|a AR-BaUAD
|c AR-BaUAD
|b spa
|
| 100 |
|
|
|a Fontana, Rubén
|
| 245 |
|
|
|a Razón de ser /
|c Rubén Fontana;
|
| 300 |
0 |
|
|b fot., il.
|
| 653 |
|
|
|a IDENTIDAD
|
| 653 |
|
|
|a DISEÑO GRAFICO
|
| 653 |
|
|
|a ENTREVISTAS
|
| 653 |
|
|
|a CARLOTTO, ESTELA DE
|
| 653 |
|
|
|a ABUELAS DE PLAZA DE MAYO
|
| 653 |
|
|
|a DESAPARICION FORZADA DE PERSONAS
|
| 653 |
|
|
|a NIÑOS
|
| 653 |
|
|
|a ARGENTINA
|
| 653 |
|
|
|a DERECHOS HUMANOS
|
| 773 |
0 |
|
|t TIPOGRAFICA
|g año 13, no. 40 [1999], p. 34-37
|
| 942 |
|
|
|c ARTI
|
| 952 |
|
|
|0 0
|1 0
|4 0
|7 0
|9 82441
|a AR-BAuAD
|b AR-BAuAD
|d 2025-07-11
|l 0
|p AAQA037522
|r 2025-07-11 11:29:41
|w 2025-07-11
|y ARTI
|
| 990 |
|
|
|a DG199
|b TD
|
| 998 |
|
|
|a AAQ
|b BIBUN76
|
| 999 |
|
|
|c 62114
|d 62114
|